[Event "5. Open Memorial Pedro Lezcano 2012"]
[Site "Gran Canaria ESP"]
[Date "2012.04.06"]
[Round "6.20"]
[White "Vega Gutierrez, Belinda"]
[Black "Korneev, Svyatoslav"]
[Result "1/2-1/2"]
[WhiteElo "2177"]
[BlackElo "1938"]
[PlyCount "92"]
[EventDate "2012.04.02"]
[EventType "swiss"]
[EventRounds "9"]
[EventCountry "ESP"]
[Source "lmi"]
[SourceDate "2012.04.02"]

1. e4 e6 2. d4 d5 3. Nd2 Nf6 4. e5 Nfd7 5. Ngf3 c5 6. c3 Nc6 7. Bd3 Qb6 8. O-O
cxd4 9. cxd4 Nxd4 10. Nxd4 Qxd4 11. Nf3 Qb6 12. Qa4 Qb4 13. Qc2 Be7 14. Bd2 Qc5
15. Qa4 Qc7 16. Rac1 Qd8 17. Qg4 Kf8 18. Rc3 f5 19. exf6 Nxf6 20. Qg3 Bd6 21.
Bf4 Be7 22. Bc7 Qe8 23. Rfc1 Nh5 24. Qg4 e5 25. Bf5 Nf6 26. Qh3 Bxf5 27. Qxf5
e4 28. Nd4 Qd7 29. Qf4 Kf7 30. Nf5 Rhc8 31. g4 g6 32. Nxe7 Kxe7 33. g5 Ne8 34.
f3 Qf5 35. Qg3 b6 36. fxe4 dxe4 37. Rc6 Kd7 38. R6c4 Nxc7 39. Rxc7+ Ke8 40. Rf1
Qd5 41. Rxh7 Qd4+ 42. Kh1 Rc5 43. Qb3 Rd5 44. Qh3 Rc5 45. b4 e3 46. bxc5 Qe4+
1/2-1/2

[Event "5. Open Memorial Pedro Lezcano 2012"]
[Site "Gran Canaria ESP"]
[Date "2012.04.06"]
[Round "6.21"]
[White "Marrero Cardenes, Agustin"]
[Black "Navarro Molina, David"]
[Result "1/2-1/2"]
[WhiteElo "1895"]
[BlackElo "2168"]
[PlyCount "46"]
[EventDate "2012.04.02"]
[EventType "swiss"]
[EventRounds "9"]
[EventCountry "ESP"]
[Source "lmi"]
[SourceDate "2012.04.02"]

1. e4 c5 2. Nf3 e6 3. d4 cxd4 4. Nxd4 Nc6 5. Be2 Qc7 6. Be3 a6 7. O-O Nf6 8.
Nc3 Be7 9. Qd2 b5 10. Nxc6 dxc6 11. f4 Bb7 12. e5 Rd8 13. Qe1 Nd5 14. Nxd5 cxd5
15. c3 O-O 16. Bd4 Bc5 17. Qf2 Rc8 18. Bd3 f6 19. Qh4 f5 20. Qf2 Qb6 21. Rac1
Rc6 22. Rc2 Rfc8 23. Rfc1 Qc7 1/2-1/2

[Event "5. Open Memorial Pedro Lezcano 2012"]
[Site "Gran Canaria ESP"]
[Date "2012.04.06"]
[Round "6.22"]
[White "Engelbrecht, Kevin P"]
[Black "Molina Rodriguez, Borja"]
[Result "0-1"]
[WhiteElo "1740"]
[BlackElo "2141"]
[PlyCount "76"]
[EventDate "2012.04.02"]
[EventType "swiss"]
[EventRounds "9"]
[EventCountry "ESP"]
[Source "lmi"]
[SourceDate "2012.04.02"]

1. e4 c5 2. Nf3 Nc6 3. Bb5 g6 4. Bxc6 dxc6 5. O-O Bg7 6. Re1 Nf6 7. h3 O-O 8.
c3 Re8 9. d4 cxd4 10. cxd4 c5 11. d5 e5 12. Nc3 a6 13. a4 b6 14. Be3 Bf8 15.
Qb3 Rb8 16. Qc2 Nh5 17. Rad1 Bd6 18. Bg5 f6 19. Be3 Nf4 20. Bxf4 exf4 21. Re2
b5 22. axb5 axb5 23. Rde1 b4 24. Na4 Ba6 25. Rd2 g5 26. b3 Qe7 27. Nb2 Qg7 28.
Nc4 Bxc4 29. Qxc4 h5 30. Nh2 g4 31. hxg4 hxg4 32. Rd3 f3 33. g3 Re5 34. Rde3
Qg6 35. Qa6 Rd8 36. Qc4 Qh5 37. Ra1 Kg7 38. Ra7+ Kg6 0-1

[Event "5. Open Memorial Pedro Lezcano 2012"]
[Site "Gran Canaria ESP"]
[Date "2012.04.06"]
[Round "6.23"]
[White "Acosta Sosa, Juan Manuel"]
[Black "Ramirez Medina, Victor"]
[Result "1-0"]
[WhiteElo "2141"]
[BlackElo "1863"]
[PlyCount "91"]
[EventDate "2012.04.02"]
[EventType "swiss"]
[EventRounds "9"]
[EventCountry "ESP"]
[Source "lmi"]
[SourceDate "2012.04.02"]

1. d4 d5 2. c4 c6 3. Nc3 Nf6 4. cxd5 cxd5 5. Bf4 Nc6 6. e3 a6 7. Bd3 Bg4 8.
Nge2 e6 9. O-O Bd6 10. f3 Bh5 11. a3 O-O 12. Na4 b5 13. Nc5 e5 14. Bg5 exd4 15.
Nb7 Qc7 16. Nxd6 Qxd6 17. Nxd4 Nxd4 18. exd4 Rfe8 19. Qd2 Qb6 20. Kh1 Bg6 21.
Rfd1 Rac8 22. Rac1 Bxd3 23. Qxd3 h6 24. Bh4 Nd7 25. Rc3 Qd6 26. Bg3 Qf6 27. b3
Qe7 28. Rxc8 Rxc8 29. a4 Qf6 30. axb5 axb5 31. h3 Qc6 32. Re1 Nf8 33. Re7 Ng6
34. Ra7 Qb6 35. Ra1 Ne7 36. Kh2 b4 37. Re1 Ng6 38. Qf5 Qc6 39. h4 Qb7 40. h5
Nf8 41. Re5 Ne6 42. Rxd5 Rc3 43. Rb5 Qe7 44. d5 Nf8 45. Rb8 Rxb3 46. d6 1-0

[Event "5. Open Memorial Pedro Lezcano 2012"]
[Site "Gran Canaria ESP"]
[Date "2012.04.06"]
[Round "6.24"]
[White "Manchon Santana, Alberto"]
[Black "Lopez Pereyra, Antonio"]
[Result "0-1"]
[WhiteElo "1475"]
[BlackElo "2125"]
[PlyCount "132"]
[EventDate "2012.04.02"]
[EventType "swiss"]
[EventRounds "9"]
[EventCountry "ESP"]
[Source "lmi"]
[SourceDate "2012.04.02"]

1. d4 e6 2. c4 f5 3. Nc3 Nf6 4. Nf3 d6 5. Bg5 Be7 6. Bxf6 Bxf6 7. e4 fxe4 8.
Nxe4 O-O 9. Bd3 e5 10. dxe5 dxe5 11. h3 Nc6 12. Qc2 Nb4 13. Nxf6+ Rxf6 14.
Bxh7+ Kh8 15. Qc3 Kxh7 16. Qxb4 e4 17. Rd1 Qe8 18. Ng5+ Kh6 19. Qc5 Qg6 20. h4
Bg4 21. Rd5 e3 22. O-O e2 23. Re1 Raf8 24. Qe3 Re8 25. Ne4+ Kh7 26. Nxf6+ gxf6
27. h5 Qf7 28. Qd3+ Kh6 29. Qg6+ Qxg6 30. hxg6 Kxg6 31. f3 Bf5 32. Kf2 c6 33.
Rd6 Re5 34. Rxe2 Rc5 35. Rd4 a5 36. a3 a4 37. g4 Bb1 38. Ke3 Ba2 39. Rc2 b5 40.
Rd6 Bxc4 41. f4 Kf7 42. Kd4 Rd5+ 43. Rxd5 Bxd5 44. Re2 Bf3 45. Re3 Bxg4 46. Kc5
Be6 47. Kxc6 Bc4 48. Kd6 Kg6 49. Re4 Kf5 50. Rd4 Kg4 51. Kc5 Kf3 52. Kb4 Ke3
53. Kc3 f5 54. b4 axb3 55. Rxc4 bxc4 56. a4 b2 57. Kxb2 Kd2 58. a5 c3+ 59. Kb3
c2 60. Kc4 c1=Q+ 61. Kd5 Qh1+ 62. Ke5 Qe4+ 63. Kd6 Qxf4+ 64. Kc6 Qe4+ 65. Kb6
f4 66. a6 f3 0-1

[Event "5. Open Memorial Pedro Lezcano 2012"]
[Site "Gran Canaria ESP"]
[Date "2012.04.06"]
[Round "6.26"]
[White "Capote Robayna, Johanna"]
[Black "Alvarado Diaz, Alejandro"]
[Result "0-1"]
[WhiteElo "1809"]
[BlackElo "2219"]
[PlyCount "96"]
[EventDate "2012.04.02"]
[EventType "swiss"]
[EventRounds "9"]
[EventCountry "ESP"]
[Source "lmi"]
[SourceDate "2012.04.02"]

1. e4 Nf6 2. e5 Nd5 3. d4 d6 4. c4 Nb6 5. f4 g5 6. Nc3 Bg7 7. Qh5 dxe5 8. dxe5
g4 9. Bd2 Qd7 10. c5 Nd5 11. Bc4 c6 12. O-O-O Qf5 13. Qxf5 Bxf5 14. Nxd5 cxd5
15. Bxd5 Nc6 16. Ne2 Rc8 17. Ng3 Bd7 18. Nh5 Bh6 19. Bc3 Bf5 20. e6 f6 21. Ng3
Bxf4+ 22. Bd2 Bxg3 23. hxg3 Nd4 24. Bb4 Nc6 25. Bc3 b6 26. Rhf1 Bg6 27. cxb6
axb6 28. Rf4 Ne5 29. Ra4 b5 30. Ra8 O-O 31. Rxc8 Rxc8 32. Kd2 Nc4+ 33. Ke2 Nb6
34. Bb3 Kf8 35. Bb4 Bc2 36. Bxc2 Rxc2+ 37. Kf1 Rc6 38. Rd8+ Kg7 39. Bxe7 Rxe6
40. Bc5 Nc4 41. b3 Ne5 42. Rb8 Nd3 43. Rb7+ Kg6 44. Bf2 Re5 45. Rd7 Nb4 46. Rd2
Nd5 47. Bd4 Re6 48. Re2 Ra6 0-1

[Event "5. Open Memorial Pedro Lezcano 2012"]
[Site "Gran Canaria ESP"]
[Date "2012.04.06"]
[Round "6.27"]
[White "Guerrero Ruiz, Jose Luis"]
[Black "Gonzalez Intelangelo, Gerardo"]
[Result "0-1"]
[WhiteElo "1744"]
[BlackElo "2020"]
[PlyCount "57"]
[EventDate "2012.04.02"]
[EventType "swiss"]
[EventRounds "9"]
[EventCountry "ESP"]
[Source "lmi"]
[SourceDate "2012.04.02"]

1. d4 d5 2. c4 e6 3. Nc3 c6 4. e4 dxe4 5. Nxe4 Bb4+ 6. Bd2 Bxd2+ 7. Qxd2 Nf6 8.
Qe3 Nxe4 9. Qxe4 Qa5+ 10. Kd1 Nd7 11. Bd3 Nf6 12. Qf4 O-O 13. Nf3 c5 14. Qe5
Rd8 15. Kc2 b5 16. Qxc5 Ba6 17. Ne5 Rac8 18. Nc6 Rxc6 19. Qxc6 bxc4 20. Be2
Qf5+ 21. Kd1 Qxf2 22. Qxa6 Qxd4+ 23. Kc1 Qe3+ 24. Kb1 Qxe2 25. a3 Qd3+ 26. Ka2
Qb3+ 27. Kb1 c3 28. Qe2 Rd2 29. Rd1 0-1

[Event "5. Open Memorial Pedro Lezcano 2012"]
[Site "Gran Canaria ESP"]
[Date "2012.04.06"]
[Round "6.28"]
[White "Guerrero Romero, Antonio"]
[Black "Sanchez Montesdeoca, Isaac"]
[Result "0-1"]
[WhiteElo "1933"]
[BlackElo "1775"]
[PlyCount "70"]
[EventDate "2012.04.02"]
[EventType "swiss"]
[EventRounds "9"]
[EventCountry "ESP"]
[Source "lmi"]
[SourceDate "2012.04.02"]

1. d4 b6 2. c4 e6 3. Nf3 Bb7 4. a3 c5 5. e3 Nf6 6. Nc3 Be7 7. Be2 d5 8. dxc5
bxc5 9. Qb3 Qc7 10. cxd5 exd5 11. Qa4+ Nbd7 12. O-O O-O 13. Bd2 a6 14. Rac1 Qb6
15. Rfd1 Rac8 16. Qc2 Rfe8 17. Na4 Qe6 18. Ng5 Qe5 19. f4 Qb8 20. Bd3 h6 21.
Nf3 Ne4 22. Be1 Bf6 23. Bxe4 Rxe4 24. Bf2 d4 25. Nd2 Ree8 26. Re1 Qd6 27. b3
dxe3 28. Rxe3 Qxf4 29. Rce1 Rxe3 30. Bxe3 Qg4 31. Nf1 Ne5 32. Re2 Be4 33. Qa2
Rd8 34. Nxc5 Bb1 35. h3 Qg6 0-1

[Event "5. Open Memorial Pedro Lezcano 2012"]
[Site "Gran Canaria ESP"]
[Date "2012.04.06"]
[Round "6.29"]
[White "Marrero Lopez, Agustin"]
[Black "Santana Gil, Odama"]
[Result "0-1"]
[WhiteElo "1867"]
[BlackElo "1663"]
[PlyCount "96"]
[EventDate "2012.04.02"]
[EventType "swiss"]
[EventRounds "9"]
[EventCountry "ESP"]
[Source "lmi"]
[SourceDate "2012.04.02"]

1. Nf3 d5 2. d4 e6 3. c4 c5 4. Nc3 Nc6 5. cxd5 exd5 6. e3 Nf6 7. Bb5 Be7 8. Ne5
Qd6 9. Qa4 Bd7 10. Nxd7 Qxd7 11. O-O O-O 12. Bxc6 bxc6 13. dxc5 Bxc5 14. Rd1
Qe6 15. Ne2 Rfe8 16. Ng3 Rab8 17. a3 Bb6 18. b4 Ne4 19. Bb2 c5 20. Nxe4 Qxe4
21. Qb3 d4 22. exd4 cxd4 23. Qd3 Qd5 24. Rd2 Rbd8 25. Rad1 Re7 26. a4 a5 27. b5
h6 28. h3 Rde8 29. Rf1 Re4 30. Ba3 Rc8 31. Bb2 Rc4 32. Qb3 Qe6 33. Rd3 Re1 34.
Rd1 Rxd1 35. Qxd1 Rb4 36. Ba3 Rb3 37. Re1 Qd5 38. Re8+ Kh7 39. Qc2+ d3 40. Qc8
Rxa3 41. Rh8+ Kg6 42. Qg4+ Qg5 43. Qe4+ Qf5 44. Qc6+ Qe6 45. Qf3 Bc7 46. g3 d2
47. Qxa3 d1=Q+ 48. Kg2 Qe4+ 0-1

[Event "5. Open Memorial Pedro Lezcano 2012"]
[Site "Gran Canaria ESP"]
[Date "2012.04.06"]
[Round "6.30"]
[White "Martinez Rubio, Felipe"]
[Black "Falcon Diaz, Francisco Samuel"]
[Result "1/2-1/2"]
[WhiteElo "1853"]
[BlackElo "1600"]
[PlyCount "157"]
[EventDate "2012.04.02"]
[EventType "swiss"]
[EventRounds "9"]
[EventCountry "ESP"]
[Source "lmi"]
[SourceDate "2012.04.02"]

1. d4 d5 2. Nf3 Nf6 3. Bf4 g6 4. e3 Bg7 5. Bd3 Nbd7 6. Nbd2 Nh5 7. Bg5 Nhf6 8.
c3 c5 9. O-O O-O 10. h3 Re8 11. Bf4 Nh5 12. Bh2 e5 13. dxe5 Nxe5 14. Bb5 Bd7
15. Be2 Nxf3+ 16. Nxf3 Nf6 17. Be5 Bc6 18. Bh2 Nd7 19. Qc2 Ne5 20. Rad1 Qb6 21.
Rd2 Rad8 22. Rfd1 Nxf3+ 23. Bxf3 d4 24. Bxc6 Qxc6 25. cxd4 cxd4 26. Qxc6 bxc6
27. exd4 Bxd4 28. Bc7 Rd7 29. Rxd4 Rxc7 30. Kf1 Kg7 31. Rc1 Rce7 32. Rd2 Re6
33. Rdc2 Rc8 34. g3 Kf6 35. Rc5 Ke7 36. b4 Kd7 37. Rd1+ Rd6 38. Rxd6+ Kxd6 39.
Ke2 Rb8 40. a3 Rb5 41. Rc4 c5 42. bxc5+ Rxc5 43. Ra4 Rc7 44. Kd3 Kc5 45. Rb4 a5
46. Rc4+ Kb6 47. a4 Rxc4 48. Kxc4 Kc6 49. Kd4 Kd6 50. f3 f6 51. h4 h6 52. g4 f5
53. g5 hxg5 54. hxg5 Ke6 55. Kc5 Ke5 56. Kb5 Kf4 57. Kxa5 Kxf3 58. Kb6 Kg3 59.
a5 f4 60. a6 f3 61. a7 f2 62. a8=Q f1=Q 63. Qa3+ Kg4 64. Qc5 Qb1+ 65. Kc7 Qf1
66. Kd8 Qd3+ 67. Ke7 Qf5 68. Qg1+ Kh5 69. Kd6 Qf4+ 70. Kc6 Qa4+ 71. Kd5 Qb5+
72. Kd6 Qb8+ 73. Ke6 Qc8+ 74. Kf7 Qf5+ 75. Kg7 Qxg5 76. Qh2+ Kg4 77. Qg2+ Kf4
78. Qf2+ Ke4 79. Qc2+ 1/2-1/2

[Event "5. Open Memorial Pedro Lezcano 2012"]
[Site "Gran Canaria ESP"]
[Date "2012.04.06"]
[Round "6.32"]
[White "Cruz Pino, Adrian"]
[Black "Monteiro Rodrigues, Carlos"]
[Result "1-0"]
[WhiteElo "2011"]
[BlackElo "1619"]
[PlyCount "74"]
[EventDate "2012.04.02"]
[EventType "swiss"]
[EventRounds "9"]
[EventCountry "ESP"]
[Source "lmi"]
[SourceDate "2012.04.02"]

1. c4 Nf6 2. Nf3 Nc6 3. d4 e6 4. a3 d5 5. Nc3 Be7 6. e3 O-O 7. Qc2 dxc4 8. Bxc4
Re8 9. O-O Bd6 10. Rd1 Qe7 11. e4 e5 12. Bg5 Qf8 13. d5 Ne7 14. Ne1 Nh5 15. Nd3
a6 16. f3 h6 17. Bh4 Ng6 18. Bf2 Qe7 19. g3 Bh3 20. Qd2 Rf8 21. Kh1 f5 22. exf5
Qf6 23. g4 Nhf4 24. Ne4 Qe7 25. Ne1 Nh4 26. f6 Qf7 27. Bxh4 g5 28. Bg3 Kh8 29.
Bxf4 gxf4 30. Nf2 b5 31. Bd3 Qxf6 32. Nxh3 Bc5 33. Rac1 Be3 34. Qe2 Bxc1 35.
Rxc1 Rf7 36. Rc6 Qg7 37. Rg6 Qf8 1-0

[Event "5. Open Memorial Pedro Lezcano 2012"]
[Site "Gran Canaria ESP"]
[Date "2012.04.06"]
[Round "6.33"]
[White "Quiza Vazquez, Carolina"]
[Black "Aguila Hernandez, Eduardo"]
[Result "0-1"]
[WhiteElo "1612"]
[BlackElo "1864"]
[PlyCount "92"]
[EventDate "2012.04.02"]
[EventType "swiss"]
[EventRounds "9"]
[EventCountry "ESP"]
[Source "lmi"]
[SourceDate "2012.04.02"]

1. d4 Nf6 2. Nf3 e6 3. c3 c5 4. e3 Nc6 5. Bd3 d5 6. Nbd2 Bd6 7. O-O O-O 8. h3
Re8 9. dxc5 Bxc5 10. e4 e5 11. Re1 a5 12. Qc2 h6 13. b3 d4 14. Bb2 dxc3 15.
Bxc3 Nb4 16. Bxb4 Bxb4 17. a3 Bd6 18. Nc4 Bc7 19. Rac1 Bd7 20. Red1 Rc8 21. Qb1
Qe7 22. a4 Qb4 23. Ne3 Be6 24. Bc4 Bb8 25. Bxe6 fxe6 26. Nc4 Rc5 27. Rd2 b5 28.
axb5 Rxb5 29. Rb2 Rc8 30. Nfd2 Ba7 31. Qa2 Bd4 32. Rbb1 Qc5 33. Ne3 Qxc1+ 34.
Rxc1 Rxc1+ 35. Kh2 Bxe3 36. fxe3 Rbc5 37. b4 R5c2 38. Qxe6+ Kh7 39. Nb3 Rf1 40.
bxa5 Rff2 41. Qxe5 Rxg2+ 42. Kh1 Rge2 43. Qf5+ Kh8 44. Qf1 Rf2 45. Qg1 Nxe4 46.
Nd4 Ra2 0-1

[Event "5. Open Memorial Pedro Lezcano 2012"]
[Site "Gran Canaria ESP"]
[Date "2012.04.06"]
[Round "6.34"]
[White "Morales Sanchez, Domingo"]
[Black "Kleine, Peter"]
[Result "1-0"]
[WhiteElo "1555"]
[BlackElo "1833"]
[PlyCount "99"]
[EventDate "2012.04.02"]
[EventType "swiss"]
[EventRounds "9"]
[EventCountry "ESP"]
[Source "lmi"]
[SourceDate "2012.04.02"]

1. c4 e5 2. Nc3 f5 3. d3 c6 4. g3 Nf6 5. Bg2 Na6 6. a3 Be7 7. Nf3 d6 8. O-O Nc7
9. Ne1 d5 10. cxd5 cxd5 11. e3 O-O 12. Nf3 Bd6 13. Qb3 Kh8 14. Nb5 Nxb5 15.
Qxb5 a6 16. Qb3 Bc7 17. Bd2 a5 18. Rac1 a4 19. Qc3 Bd6 20. Nxe5 Be6 21. d4 Qb8
22. Nf3 Ne4 23. Qd3 b5 24. Bc3 b4 25. axb4 Bxb4 26. Bxb4 Qxb4 27. Qa3 Qb5 28.
Ne5 Nd2 29. Rc5 Qe8 30. Rd1 Ne4 31. Bxe4 fxe4 32. Qc3 Qh5 33. Qe1 Rf6 34. Rd2
Bh3 35. Qe2 Rf3 36. Rxd5 Raf8 37. Nxf3 exf3 38. Qb5 Qg6 39. Qd3 Qh6 40. Rc2 g6
41. Rcc5 Be6 42. Re5 Bf5 43. e4 Bh3 44. d5 Qg7 45. d6 Bg2 46. Qc3 Kg8 47. Re7
Qh6 48. Rcc7 Rd8 49. Rg7+ Kf8 50. Qf6+ 1-0

[Event "5. Open Memorial Pedro Lezcano 2012"]
[Site "Gran Canaria ESP"]
[Date "2012.04.06"]
[Round "6.35"]
[White "Perez Castellano, Susana"]
[Black "Aleman Alamo, Nicolas"]
[Result "1-0"]
[WhiteElo "1817"]
[BlackElo "1598"]
[PlyCount "120"]
[EventDate "2012.04.02"]
[EventType "swiss"]
[EventRounds "9"]
[EventCountry "ESP"]
[Source "lmi"]
[SourceDate "2012.04.02"]

1. e4 e6 2. Nf3 d5 3. exd5 exd5 4. d4 Bd6 5. Bd3 Nf6 6. O-O Be6 7. Re1 h6 8. c4
O-O 9. c5 Be7 10. Ne5 c6 11. Nd2 Nbd7 12. Ndf3 Re8 13. h3 Nf8 14. b4 a6 15. a4
Qc8 16. Bf4 Bd8 17. Qd2 Bf5 18. Re2 Ne4 19. Bxe4 Bxe4 20. Ne1 Qe6 21. f3 Bh7
22. Ra2 Bg5 23. N1d3 Bxd3 24. Nxd3 Qf6 25. Bxg5 Qxg5 26. Qxg5 hxg5 27. Ne5 Ne6
28. Rad2 Nf4 29. Re1 f6 30. Nd3 Rxe1+ 31. Nxe1 Re8 32. Kf2 Kf7 33. Nd3 Ne6 34.
Nc1 Nf4 35. Na2 Ne6 36. Nc3 Re7 37. b5 axb5 38. axb5 Re8 39. bxc6 bxc6 40. Ne2
Ra8 41. g3 Ra4 42. Ke3 Ra3+ 43. Rd3 Rxd3+ 44. Kxd3 Ke7 45. Kc3 Nc7 46. Kb4 Kd7
47. Ka5 Nb5 48. Kb6 Nc7 49. f4 gxf4 50. gxf4 g6 51. h4 Ne6 52. f5 gxf5 53. h5
f4 54. h6 Ng5 55. Nxf4 f5 56. Ng6 Nh7 57. Ne5+ Kc8 58. Kxc6 Nf6 59. Kd6 f4 60.
Ke6 Nh7 1-0

[Event "5. Open Memorial Pedro Lezcano 2012"]
[Site "Gran Canaria ESP"]
[Date "2012.04.06"]
[Round "6.36"]
[White "Guerrero Orihuela, Jose Luis"]
[Black "Salazar De La Cruz, Jose Maria"]
[Result "0-1"]
[WhiteElo "1463"]
[BlackElo "1769"]
[PlyCount "42"]
[EventDate "2012.04.02"]
[EventType "swiss"]
[EventRounds "9"]
[EventCountry "ESP"]
[Source "lmi"]
[SourceDate "2012.04.02"]

1. d4 d5 2. c4 e6 3. Nc3 c6 4. e4 dxe4 5. Nxe4 Nf6 6. Nxf6+ Qxf6 7. Nf3 Bb4+ 8.
Bd2 Bxd2+ 9. Qxd2 O-O 10. Bd3 Nd7 11. O-O c5 12. Rfe1 cxd4 13. Nxd4 Nc5 14. Nb3
Nxd3 15. Qxd3 Qxb2 16. Nc5 Qb6 17. Re5 Rd8 18. Qe4 Qd6 19. Qh4 f6 20. Nxe6 Qxe5
21. Nd4 Qxd4 0-1

[Event "5. Open Memorial Pedro Lezcano 2012"]
[Site "Gran Canaria ESP"]
[Date "2012.04.06"]
[Round "6.38"]
[White "Diaz Martin, Cristina"]
[Black "Cruz Ramirez, Nauzet"]
[Result "0-1"]
[WhiteElo "1407"]
[BlackElo "1710"]
[PlyCount "68"]
[EventDate "2012.04.02"]
[EventType "swiss"]
[EventRounds "9"]
[EventCountry "ESP"]
[Source "lmi"]
[SourceDate "2012.04.02"]

1. e4 c5 2. Nf3 e6 3. d4 cxd4 4. Nxd4 a6 5. a3 d6 6. Nc3 b5 7. Be3 Bb7 8. Bd3
Nf6 9. O-O Be7 10. Qf3 O-O 11. Qh3 Nbd7 12. Nf3 Re8 13. Ng5 h6 14. Nf3 Bf8 15.
Qg3 Kh8 16. e5 dxe5 17. Nxe5 Nxe5 18. Qxe5 Bd6 19. Qd4 Qc7 20. Qh4 Qc6 21. Qh3
Kg8 22. Rad1 Rad8 23. Rfe1 e5 24. Bf5 g6 25. Bg4 Nxg4 26. Qxg4 h5 27. Qg3 Bc7
28. Bg5 f6 29. Bh4 Kf7 30. f3 g5 31. Bxg5 fxg5 32. Qxg5 Qg6 33. Qh4 Bxf3 34.
Qf2 Bb6 0-1

[Event "5. Open Memorial Pedro Lezcano 2012"]
[Site "Gran Canaria ESP"]
[Date "2012.04.06"]
[Round "6.40"]
[White "Quevedo Sarmiento, Jacinto"]
[Black "Perez Castellano, Yaiza"]
[Result "0-1"]
[WhiteElo "2000"]
[BlackElo "1642"]
[PlyCount "116"]
[EventDate "2012.04.02"]
[EventType "swiss"]
[EventRounds "9"]
[EventCountry "ESP"]
[Source "lmi"]
[SourceDate "2012.04.02"]

1. d4 d5 2. Nf3 e6 3. Bf4 Nf6 4. e3 Nc6 5. c3 Bd6 6. Bg3 O-O 7. Nbd2 Re8 8. Bd3
Ne7 9. Ne5 Ng6 10. Nxg6 fxg6 11. Nf3 Rf8 12. Qc2 b6 13. Bxd6 cxd6 14. O-O Bb7
15. Qb3 Qe7 16. Rac1 e5 17. e4 Kh8 18. dxe5 dxe5 19. Bb1 Rad8 20. exd5 Bxd5 21.
c4 Ba8 22. Rcd1 Rxd1 23. Qxd1 Nh5 24. Ne1 e4 25. Qe2 Nf4 26. Qe3 Qg5 27. Kh1
Qe5 28. Qc3 Qxc3 29. bxc3 Rc8 30. f3 exf3 31. Nxf3 Rxc4 32. Ne1 Kg8 33. a3 Kh8
34. Kg1 Ne2+ 35. Kh1 Rf4 36. Rxf4 Nxf4 37. Kg1 Kg8 38. Kf2 Kf7 39. g3 Nd5 40.
Ba2 Ke6 41. Nd3 Kd6 42. Bxd5 Kxd5 43. Nb2 Ke4 44. Ke2 g5 45. Nc4 h5 46. Nd2+
Kf5 47. Kf2 h4 48. gxh4 gxh4 49. Nf1 Ke4 50. Ke2 Bc6 51. Nd2+ Kf4 52. Kf2 g5
53. Nf1 Ke4 54. Nd2+ Kd3 55. Nf3 Kxc3 56. Nxg5 Kb3 57. Nf3 Bxf3 58. Kxf3 Kxa3
0-1

[Event "5. Open Memorial Pedro Lezcano 2012"]
[Site "Gran Canaria ESP"]
[Date "2012.04.06"]
[Round "6.41"]
[White "Sanchez Ramirez, Gustavo"]
[Black "Bordon Sanchez, Jose Domingo"]
[Result "0-1"]
[WhiteElo "1641"]
[BlackElo "1448"]
[PlyCount "38"]
[EventDate "2012.04.02"]
[EventType "swiss"]
[EventRounds "9"]
[EventCountry "ESP"]
[Source "lmi"]
[SourceDate "2012.04.02"]

1. f4 f5 2. Nf3 Nf6 3. e3 e6 4. b3 Be7 5. Bb2 Nc6 6. Nc3 b6 7. Be2 Bb7 8. O-O
O-O 9. Nd4 Nd5 10. Nf3 Nf6 11. d4 d5 12. Ne5 a5 13. Bb5 Nxe5 14. dxe5 Ng4 15.
Qe2 Bc5 16. Nd1 d4 17. exd4 Bxd4+ 18. Kh1 Qh4 19. Qxg4 Qxg4 0-1

[Event "5. Open Memorial Pedro Lezcano 2012"]
[Site "Gran Canaria ESP"]
[Date "2012.04.06"]
[Round "6.43"]
[White "Antonini, Roberto"]
[Black "Diaz Martin, Carolina"]
[Result "1-0"]
[WhiteElo "1584"]
[BlackElo "1469"]
[PlyCount "77"]
[EventDate "2012.04.02"]
[EventType "swiss"]
[EventRounds "9"]
[EventCountry "ESP"]
[Source "lmi"]
[SourceDate "2012.04.02"]

1. e4 e5 2. Nf3 Nc6 3. Bb5 a6 4. Bxc6 dxc6 5. O-O Bd6 6. d3 h6 7. Re1 c5 8. c3
Nf6 9. Qc2 Bg4 10. Nbd2 O-O 11. b3 b6 12. Bb2 Re8 13. Re3 Qd7 14. Rae1 Rad8 15.
Nh4 Qc8 16. h3 Bd7 17. g4 Bxg4 18. hxg4 Qxg4+ 19. Ng2 Qe6 20. Nf1 Ng4 21. Rf3
Rf8 22. Ng3 g6 23. Qe2 Be7 24. Bc1 Kg7 25. Nf1 f5 26. exf5 Rxf5 27. Rg3 h5 28.
f3 Nh6 29. Nf4 Qf7 30. Nxg6 Kh7 31. Nxe5 Rxe5 32. Qxe5 Bh4 33. Bxh6 Bxg3 34.
Nxg3 Kxh6 35. Qe6+ Qxe6 36. Rxe6+ Kg5 37. Re3 Kf4 38. Kf2 Rg8 39. Nxh5+ 1-0

[Event "5. Open Memorial Pedro Lezcano 2012"]
[Site "Gran Canaria ESP"]
[Date "2012.04.06"]
[Round "6.45"]
[White "Barrera Martin, Nayra"]
[Black "Garcia Cruz, Jose Manuel"]
[Result "1-0"]
[WhiteElo "1494"]
[BlackElo "1408"]
[PlyCount "97"]
[EventDate "2012.04.02"]
[EventType "swiss"]
[EventRounds "9"]
[EventCountry "ESP"]
[Source "lmi"]
[SourceDate "2012.04.02"]

1. f4 d5 2. Nf3 Nf6 3. e3 a6 4. g3 Nc6 5. Bg2 Bf5 6. Nc3 e6 7. a3 Be7 8. d3 O-O
9. O-O Re8 10. Qe1 Bc5 11. Kh1 Bg6 12. Ne5 Nxe5 13. fxe5 Ng4 14. d4 Ba7 15. Qe2
Nh6 16. Nd1 c6 17. c3 Rf8 18. e4 f5 19. Bxh6 gxh6 20. exf5 Bxf5 21. Nf2 c5 22.
Rad1 c4 23. Bh3 Qg5 24. Bxf5 Rxf5 25. Nh3 Qg6 26. Rxf5 Qxf5 27. Nf4 Kf7 28. Rf1
Qe4+ 29. Qxe4 dxe4 30. Re1 b5 31. Rxe4 Rd8 32. Nh5 a5 33. Nf6 b4 34. axb4 axb4
35. Nxh7 bxc3 36. bxc3 Rb8 37. Rf4+ Kg6 38. Nf8+ Kh5 39. Nxe6 Rb3 40. Rf3 Kg4
41. Kg2 Rb2+ 42. Rf2 Rxf2+ 43. Kxf2 Kf5 44. Nc7 Bxd4+ 45. cxd4 Ke4 46. Ke2 c3
47. Kd1 Kd3 48. e6 c2+ 49. Kc1 1-0

[Event "5. Open Memorial Pedro Lezcano 2012"]
[Site "Gran Canaria ESP"]
[Date "2012.04.06"]
[Round "6.47"]
[White "Suarez Fleitas, Alberto"]
[Black "Porretti Garcia, Guido"]
[Result "1/2-1/2"]
[WhiteElo "1441"]
[BlackElo "1314"]
[PlyCount "69"]
[EventDate "2012.04.02"]
[EventType "swiss"]
[EventRounds "9"]
[EventCountry "ESP"]
[Source "lmi"]
[SourceDate "2012.04.02"]

1. e4 c6 2. d4 g6 3. Nf3 d5 4. exd5 cxd5 5. c3 Bg4 6. Be2 Nf6 7. O-O Bg7 8. h3
Bf5 9. Bf4 O-O 10. Bd3 Bxd3 11. Qxd3 e6 12. Nbd2 Nbd7 13. Rfe1 Qb6 14. Qc2 Rac8
15. Qb3 Qxb3 16. axb3 a6 17. Ne5 Nxe5 18. Bxe5 Nd7 19. Bxg7 Kxg7 20. Rac1 Rfe8
21. Nf3 f6 22. Rcd1 Rcd8 23. Rd2 e5 24. dxe5 Nxe5 25. Nxe5 Rxe5 26. Red1 Kf7
27. Kf1 Ke6 28. Rd4 Rd7 29. R1d3 Re4 30. Rxe4+ dxe4 31. Rxd7 Kxd7 32. Ke2 Ke6
33. Ke3 f5 34. Kd4 Kd6 35. c4 1/2-1/2

[Event "5. Open Memorial Pedro Lezcano 2012"]
[Site "Gran Canaria ESP"]
[Date "2012.04.06"]
[Round "7.1"]
[White "Kurajica, Bojan"]
[Black "Larino Nieto, David"]
[Result "1/2-1/2"]
[WhiteElo "2548"]
[BlackElo "2442"]
[PlyCount "77"]
[EventDate "2012.04.02"]
[EventType "swiss"]
[EventRounds "9"]
[EventCountry "ESP"]
[Source "lmi"]
[SourceDate "2012.04.02"]

1. Nf3 Nf6 2. d4 d5 3. c4 e6 4. g3 c5 5. Bg2 Nc6 6. O-O Be7 7. dxc5 Bxc5 8. a3
dxc4 9. Qxd8+ Nxd8 10. Ne5 Bd7 11. Nd2 Bb5 12. Ndxc4 Nd5 13. b3 Bd4 14. Bb2
Bxb2 15. Nxb2 Nc3 16. a4 Nxe2+ 17. Kh1 Bc6 18. Nxc6 Nxc6 19. Bxc6+ bxc6 20.
Rfe1 Nc3 21. Rec1 Ne4 22. Rc2 Rd8 23. Nc4 Rd5 24. Re1 Nc5 25. Ne5 a5 26. Nxc6
Kd7 27. Ne5+ Ke7 28. Nc6+ Kd7 29. Ne5+ Ke7 30. Nc6+ Kf6 31. Re3 g5 32. Nxa5
Rd1+ 33. Kg2 Nd3 34. Rce2 Rg8 35. Re4 Nc5 36. R4e3 Nd3 37. Re4 Nc5 38. R4e3 Nd3
39. Re4 1/2-1/2